Countries With Unique First and Last Letters - Statistics

General Stats
  • This quiz has been taken 71 times
  • The average score is 6 of 7
Answer Stats
Position Continent Letter Country % Correct
First Letter Asia O Oman
97%
First Letter Asia Q Qatar
95%
First Letter Asia Y Yemen
95%
Last Letter Europe G Luxembourg
88%
Last Letter Asia Q Iraq
86%
Last Letter Europe K Denmark
80%
Last Letter Asia H Bangladesh
75%
No matching quizzes found
Score Distribution
Percent of People with Each Score
Percentile by Number Answered
Your Score History
You have not taken this quiz